Synopsis Studiorum E Quibus Grammatistae In Annum Tertium Tentamen Publicum In Regio Gymnasio Claudiopolitano Subiverunt Semestri Primo Mense Martio Anno 1821

Bibliographic Details
Corporate Author: Lycei Regii (Kluž, Rumunsko) (Printer)
Format: Book
Language:Latin
PhysicalDescription:4 nečíslované strany 19 cm
Subjects:

MARC

LEADER 00000nam a2200000 4500
001 vtls012245930
003 SK-MaSNL
005 20260301085135.0
008 231211s1821 rm 0 0n0 lat
015 |a SNBHFA 
040 |a SNKHF  |b slo  |c SNKHF  |e rda 
041 0 |a lat 
044 |a rm  |c RO 
072 7 |a 00  |x Veda. Všeobecnosti. Základy vedy a kultúry. Vedecká práca  |2 konspekt 
072 7 |a 378  |x Vysoké školy  |2 konspekt 
080 |a 1/3+7/9  |2 2011 
080 |a 351.851  |2 2011 
130 0 |a Synopsis  |9 330942 
245 1 0 |a Synopsis Studiorum E Quibus Grammatistae In Annum Tertium Tentamen Publicum In Regio Gymnasio Claudiopolitano Subiverunt Semestri Primo Mense Martio Anno 1821 
264 3 |a [Kluž]  |b Typis Lycei Regii  |c 1822 
300 |a 4 nečíslované strany  |c 19 cm 
336 |a text  |b txt  |2 rdacontent 
337 |a bez média  |b n  |2 rdamedia 
338 |a zväzok  |b nc  |2 rdacarrier 
501 |a Príväzok 32. k: Tentamen Publicum Logica Practica, Et Historia Philosophiae,... Posonii: Typis Heredum Belnayanorum, MDCCCXXIV.  |5 SNK SD 42723 
650 0 7 |a humanitné vedy  |2 SNKPH  |9 49832 
655 7 |a otázky na skúšky  |2 SNKPH  |9 330801 
710 2 |a Lycei Regii (Kluž, Rumunsko)  |4 prt  |9 330943 
752 |a Rumunsko  |d Kluž 
852 |a Slovenská národná knižnica  |b Historické fondy  |p SD 42723/prív.32 
958 |a DF 
958 |a ONDV 
999 |c 665099  |d 667029 
952 |a SNK  |b SNK  |y PREZ  |7 0  |p 17A1487078  |o snkSD 42723/prív.32  |i snkF 1418/73  |8 5  |0 0  |1 0  |4 0  |d 2023-12-11  |l 0  |r 2026-02-23 19:06:50  |w 2026-02-23